000 00717nam a2200217Ia 4500
003 GCL
008 140319s9999 xx 000 0 ara d
040 _aGCL /
_cGCL
082 0 4 _a582.0464
_bع ف
100 1 _aعاطف محمد ابراهيم
245 1 0 _aالفاكهة المتساقطة الاوراق: زراعتها رعايتهاوانتاجها /
_cعاطف محمد ابراهيم
260 _aالقاهرة :
_bمنشاة المعارف ،
_c1990
300 _a658 ص ؛
_c25سم
490 _a
650 0 4 _aالفواكهة
650 0 4 _aاشجار الفاكهة
650 0 4 _aتكاثر الزهور
650 0 4 _aالبساتين
650 0 4 _aتكاثر النبات
942 _2ddc
_cBK
999 _c32535
_d32535